00531nam a2200133 a 450000100100000000500170001000800410002704000250006808200150009311001000010824500580020826001040026630000270037000002798720200930031245.0110406s19uu dr a 000 0 spa d aDO-SdBNPbspacBNPHU axxxbR426d1 aRepública DominicanabSecretaría de Estado de Deportes, Educación Física y Recreación10aDesiciones dictadas por los arbritros de mini basket. aSanto Domingo :bSecretaría de Estado de Deportes, Educación Física y Recreación,c[19--?]. a16 p. :bil. ;c22 cm.